00321nam a2200121Ia 4500008004100000082002000041100001600061245003800077250000800115260004900123300001000172650001700182150201s2003 xx 000 0 und d a615.321bP2003K aKHANNA,N.K. aPRINCIPLES OF DENTAL PHARMACOLOGY a1ST bC.B.S PUBLISHERS & DISTRIBUTERSaDELHIc2003 a1-312 aPHARMACOLOGY